000
00298nam a2200109 a 4500
005
20201002035739.0
008
131017s1678 000 spa d
020
_a
Barcelona
245
0
_a
Ordenancas del Bven Govierno de la Armada del Mar Oceano...
260
_a
Barcelona,
_c
1678.
999
_c
41263
_d
41263
040
_a
DO-SdBNP